A question of sport captains Quiz Stats

Quiz not verified by Sporcle

Also try: Cartoon Redheads
Challenge
Share
Tweet
Score 0/32 Timer 10:00
0 Plays Today
% Correct
Henry Cooper
88.1%
Matt Dawson
81%
Michael Owen
81%
Phil Tufnell
78.6%
Ian Botham
76.2%
Ally McCoist
76.2%
Dennis Taylor
76.2%
David Seaman
73.8%
Ricky Hatton
73.8%
Robbie Savage
72.4%
Emlyn Hughes
71.4%
John Parrott
71.4%
Frankie Dettori
69%
Bobby Moore
69%
John Barnes
69%
Will Carling
66.7%
% Correct
Bill Beaumont
64.3%
Jamie Redknapp
64.3%
Shane Warne
64.3%
Michael Vaughan
62.1%
Roger Black
59.5%
Brendan Foster
57.1%
Bobby Charlton
54.8%
Darren Gough
54.8%
Matthew Pinsent
50%
Willie Carson
47.6%
Gareth Edwards
45.2%
Gary Speed
33.3%
Graeme Swann
31%
Cliff Morgan
31%
Neil Ruddock
23.8%
Rob Wainwright
14.3%

You're not logged in!

Compare scores with friends on all Sporcle quizzes.
Sign Up with Email
OR
Log In

You Might Also Like...

Show Comments

Extras

Top Quizzes Today


Score Distribution

Your Account Isn't Verified!

In order to create a playlist on Sporcle, you need to verify the email address you used during registration. Go to your Sporcle Settings to finish the process.